Die Hanse als Wirtschafts- und Kulturgemeinschaft
| Titel: | Die Hanse als Wirtschafts- und Kulturgemeinschaft |
|---|---|
| Verfasser: | |
| In: |
Die Rolle der Stadtgemeinden und bürgerlichen Genossenschaften im Hanseraum in der Entwicklung und Vermittlung des gesellschaftlichen und kulturellen Gedankengutes im Spätmittelalter, (2000), Seite 25-31 alle Artikel anzeigen |
| Veröffentlicht: | 2000 |
| Format: | Aufsatz |
| Sprache: | Deutsch |
X
alg: 39351517 001A $01999:12-11-16 001B $01999:28-04-21 $t19:32:23.000 001D $01999:12-11-16 001U $0utf8 001X $00 002@ $0Aox 003@ $0393515176 007A $0393515176 $aHEB 007T $0Herdt11409 010@ $ager 011@ $a2000 021A $aDie @Hanse als Wirtschafts- und Kulturgemeinschaft 028A $#Samsonowicz, H. $#Samsonowicz, Henryk Bohdan $7118076477 $8Samsonowicz, Henryk$Z1930-2021 [Tp1] $9094767637 031A $h25-31 $j2000 039B $aIn $8--Aau--. Die @Rolle der Stadtgemeinden und bürgerlichen Genossenschaften im Hanseraum in der Entwicklung und Vermittlung des gesellschaftlichen und kulturellen Gedankengutes im Spätmittelalter. - Toruń : Wydawn. Uniwersytetu Mikołaja Kopernika, 2000. - 148 S.. - Ill., Kt.. - ISBN 83-231-1136-7 $x200000000000000975 $9096406089 045F $a330.094382 $eDDC23BSB 045F/01 $a330.09 045F/03 $g4382 045F/03 $g43832 045F/03 $g43816 lok: 39351517 78 exp: 39351517 78 1 #EPN 201B/01 $018-11-16 $t09:03:38.000 201U/01 $0utf8 203@/01 $078962561X 208@/01 $a12-11-16 $be 209A/01 $a/ $f000 $x00 220C/01 $aTitelaufnehmer: uz 244Z/01 $2Trx $#Prusy Wschodnie i Zachodnie $8--Trx--Ost- und Westpreußen $x01 $939113373X 244Z/01 $2Trx $#Pomeranija $#Pommern $#Pomoransko $#Pomořansko $#Hinterpommern;Vorpommern;Mittelpommern $#Pomorze Środkowe;Pomorze Przednie $#Pomořansko;Západní Pomořany; Pomořany $8--Trx--Pomorze Zachodnie $x02 $9391303775 244Z/01 $2Trx $#hansaliit $#Hanza $#Hanseatic League $#Hanza-Szövetség $#Hanza $#hanza $#hanza $8--Trx--Hanse $x03 $9391375512 244Z/01 $2Trx $#kaubavahetus üldiselt $#prekyba bendras $#trade $#kereskedelem általános $#handel ogólnie $#obchod všeobecne $#obchod všeobecně $#Gewerbe $#remeslo, živnosť $8--Trx--Handel$gallgemein $x04 $9391373781 244Z/01 $2Trx $8--Trx--Einzelbeiträge $x05 $9391384570 245Z/01 $a09.04 $x01 247C/01 $82080>Marburg/Lahn, Herder-Institut, Forschungsbibliothek, Bibliographieportal $9336309341
| LEADER | 00000caa a22000002c 4500 | ||
|---|---|---|---|
| 001 | 393515176 | ||
| 003 | DE-603 | ||
| 005 | 20210428193223.0 | ||
| 007 | tu | ||
| 008 | 161112s2000 xx |||| | u00||u|ger c | ||
| 035 | |a (DE-599)HEB393515176 | ||
| 040 | |a DE-603 |b ger |c DE-603 |d DE-603 | ||
| 041 | |a ger | ||
| 082 | 0 | 4 | |8 1\u |a 330.094382 |q DE-101 |2 23/BSB |
| 085 | |8 1\u |b 330.09 | ||
| 085 | |8 1\u |z 2 |s 4382 | ||
| 085 | |8 1\u |z 2 |s 43832 | ||
| 085 | |8 1\u |z 2 |s 43816 | ||
| 100 | 1 | |a Samsonowicz, Henryk |d 1930-2021 |0 (DE-603)094767637 |0 (DE-588)118076477 |2 gnd | |
| 245 | 0 | 0 | |a Die Hanse als Wirtschafts- und Kulturgemeinschaft |
| 264 | 0 | |c 2000 | |
| 773 | 0 | 8 | |i In |t Die Rolle der Stadtgemeinden und bürgerlichen Genossenschaften im Hanseraum in der Entwicklung und Vermittlung des gesellschaftlichen und kulturellen Gedankengutes im Spätmittelalter |d Toruń : Wydawn. Uniwersytetu Mikołaja Kopernika, 2000 |h 148 S., Ill., Kt. |z 8323111367 |g (2000), Seite 25-31 |w (DE-603)096406089 |
| 924 | 0 | |9 2080 |a (DE-603)78962561X |b DE-2080 |c HES |d d |g / | |


